Sports Quiz

Random Sports Quiz

NASCAR Camping World Truck Drivers 2000-2009 Quiz Stats

 Plays Quiz not verified by Sporcle

Also try: NFL Blitz
Challenge
Share
Tweet
Embed
Score 0/171 Timer 20:00
0 Plays Today
Starts Driver % Correct
222Matt Crafton
96.5%
69Kyle Busch
96.5%
25Kurt Busch
96.5%
44Brad Keselowski
95.3%
36Johnny Sauter
94.2%
46Mike Wallace
93%
28Tim Sauter
93%
154Mike Skinner
91.9%
135Todd Bodine
91.9%
121Johnny Benson, Jr.
91.9%
128Ron Hornaday, Jr.
90.7%
71Wayne Edwards
90.7%
60Carl Edwards
90.7%
30Bobby Hamilton, Jr,
89.5%
29Greg Biffle
89.5%
22Chris Horn
88.4%
188Ted Musgrave
87.2%
90Bobby Hamilton
87.2%
32Kevin Harvick
86%
175Jack Sprague
84.9%
131Travis Kvapil
84.9%
27Eric Jones
84.9%
23Chris Jones
84.9%
21Mark Martin
83.7%
46Jason Leffler
82.6%
58Steve Park
81.4%
49Aric Almirola
81.4%
244Rick Crawford
80.2%
82Mike Bliss
80.2%
76David Reutimann
80.2%
10Denny Hamlin
79.1%
157Brendan Gaughan
77.9%
68Timothy Peters
77.9%
31Jimmy Spencer
77.9%
20Jamie McMurray
77.9%
244Terry Cook
76.7%
23Regan Smith
76.7%
16Tina Gordon
76.7%
239Dennis Setzer
75.6%
27Kerry Earnhardt
75.6%
76Ken Schrader
74.4%
142Bill Lester
73.3%
41Scott Riggs
73.3%
69Robert Pressley
72.1%
65Stacy Compton
72.1%
65Andy Houston
72.1%
33Norm Benning
70.9%
29David Ragan
70.9%
26Ricky Craven
70.9%
25Marty Houston
70.9%
14Derrike Cope
70.9%
211David Starr
69.8%
79Jason White
69.8%
76Erik Darnell
69.8%
27Dana White
69.8%
26James Buescher
69.8%
116Chad Chaffin
68.6%
Starts Driver % Correct
58Brandon Whitt
68.6%
56Joe Ruttman
68.6%
29Butch Miller
68.6%
29Hank Parker, Jr.
68.6%
20Joey Miller
68.6%
13Chase Miller
68.6%
10Brandon Miller
68.6%
119Jon Wood
67.4%
51Colin Braun
66.3%
16Scott Speed
66.3%
54Morgan Shepherd
65.1%
24Robert Richardson, Jr.
65.1%
19Scott Lagasse, Jr.
65.1%
58Jerry Hill
64%
31Willie Allen
64%
30Ricky Hendrick
64%
16Kenny Hendrick
64%
57Brian Scott
62.8%
31Rick Carelli
62.8%
29Shane Hmiel
62.8%
23Rich Bickle
62.8%
41Jimmy Hensley
61.6%
24Steve Grissom
61.6%
24Donny Lia
61.6%
11Mike Harmon
60.5%
40Randy Tolsma
59.3%
21Chris Wimmer
59.3%
92Chad McCumbee
58.1%
26Todd Kluever
58.1%
22Marcos Ambrose
58.1%
74Randy MacDonald
57%
54Kelly Sutton
57%
48Shane Sieg
57%
19Loni Richardson
57%
13A.J. Allmendinger
57%
10Ryan Sieg
57%
72T.J. Bell
55.8%
64Bobby Dotter
55.8%
38Deborah Renshaw
55.8%
80Lance Hooper
54.7%
23Willy T. Ribbs
54.7%
70Lance Norick
53.5%
69Carlos Contreras
52.3%
58Coy Gibbs
52.3%
38Brian Rose
52.3%
24Billy Bigley, Jr.
51.2%
37Bryan Reffner
50%
33Shelby Howard
50%
29Erin Crocker
50%
21Boston Reid
50%
53Chase Montgomery
48.8%
52Tracy Hines
48.8%
38Robert Huffman
48.8%
21B.A. Wilson
48.8%
56Phil Bonifield
47.7%
28Michael Dokken
47.7%
12Aaron Fike
47.7%
Starts Driver % Correct
11Brian Ickler
47.7%
31Bobby East
46.5%
31Kraig Kinser
46.5%
29Ryan McGlynn
46.5%
24Ken Weaver
46.5%
18Randy Renfrow
46.5%
15Rick Ware
46.5%
13Andy Lally
46.5%
11Max Papis
46.5%
36Jason Small
45.3%
28Larry Gunselman
45.3%
27Tayler Malsam
45.3%
25Rob Morgan
45.3%
25Sean Murphy
45.3%
20Brent Raymer
45.3%
18Tom Carey, Jr.
45.3%
11Charlie Bradberry
45.3%
10Shigeaki Hattori
45.3%
40Stan Boyd
44.2%
27Ricky Sanders
44.2%
21Mario Gosselin
44.2%
16Chris Fontaine
44.2%
11Ryan Moore
44.2%
22Jody Lavender
43%
20Clay Rogers
43%
17Jim Inglebright
43%
13J.R. Fitzpatrick
43%
23Scott Lynch
41.9%
18Ricky Carmichael
41.9%
12Nathan Haseleu
41.9%
11Bryan Silas
41.9%
30Johnny Chapman
40.7%
25J.C. Stout
40.7%
24Randy Briggs
40.7%
10Chuck Hossfeld
40.7%
13Donnie Neuenberger
39.5%
23Brandon Knupp
38.4%
12Kyle Krisiloff
38.4%
11Mark McFarland
38.4%
19Joey Clanton
37.2%
19Ryan Mathews
37.2%
15Blake Bjorklund
37.2%
24Steve Portenga
36%
13Jonathon Price
36%
12Eric Norris
33.7%
22Justin Marks
32.6%
19Marc Mitchell
32.6%
17Doug Keller
31.4%
11Roland Isaacs
31.4%
29Nick Tucker
30.2%
27Tom Powers
30.2%
11Conrad Burr
30.2%
11Jamie Aube
26.7%
19Brian Sockwell
19.8%
12Trent Owens
16.3%
12Rodney Sawyers
12.8%
11Aaron Daniel
11.6%

You're not logged in!

Compare scores with friends on all Sporcle quizzes.
Join for Free
OR
Log In

You Might Also Like...

Show Comments

Extras

Top Quizzes Today


Score Distribution

Your Account Isn't Verified!

In order to create a playlist on Sporcle, you need to verify the email address you used during registration. Go to your Sporcle Settings to finish the process.

Report this User

Report this user for behavior that violates our Community Guidelines.

Details: